000 00987cam a2200289 4500
008 #DATE n2002 000 0 eng u
020 _a0721908322
035 _a(Sirsi) u118790
041 _aeng
050 _a614.78
_c18
100 _aPenn, C.
245 _aNoise control: the law and its enforcement.
250 _a3rd ed.
260 _aCrayford
_bShaw and Sons
_c2002
300 _axlix, 478p.
_c22cm.
350 _a39.95
520 _aA comprehensive guide to the law and practice on noise control. Includes chapters looking at: noise nuisance; noise in public places; noise abatement zones; construction site noise; road traffic and aircraft noise; and occupational noise exposure.
650 _aCOMPENSATION
650 _aENVIRONMENTAL NOISE
650 _aENVIRONMENTAL POLLUTION
650 _aMeasurement
_96256
650 _aNOISE CONTROL
650 _aOCCUPATIONAL NOISE
650 _aSOUND
690 _aENVIRONMENTAL AND LAND CONSULTANCY
942 _n0
999 _c102177
_d102177